[Event "DVM U14w 2013"]
[Site "Oberbernhards-Hilders GER"]
[Date "2013.12.27"]
[Round "2"]
[White "Moses, Selina"]
[Black "Usczeck, Alina"]
[Result "1/2-1/2"]
[Termination "normal"]
[Board "1.1"]
[WhiteElo "1723"]
[BlackElo "1554"]
[WhiteTeam "SV Muldental Wilkau-Haßlau"]
[BlackTeam "SV Turm Lahnstein"]
[WhiteFideId "12908070"]
[BlackFideId "12938114"]
[EventCountry "GER"]
[EventRounds "7"]
[EventType "team-swiss"]
[EventDate "2013.12.26"]

1. e4 c6 2. d4 d5 3. Nc3 dxe4 4. Nxe4 Nd7 5. Nf3 Ngf6 6. Ng3 e6 7. Bd3 c5 8. c3
cxd4 9. Nxd4 Bc5 10. Nf3 O-O 11. O-O b6 12. b4 Be7 13. a3 Bb7 14. c4 Bxf3 15.
gxf3 Ne5 16. Be2 Qxd1 17. Rxd1 Rac8 18. Rd4 Rfd8 19. Rxd8+ Bxd8 20. Bf4 Nxc4
21. Rc1 Nd5 22. Be5 Nd6 23. Rxc8 Nxc8 24. Ne4 a5 25. bxa5 bxa5 26. Nc5 Be7 27.
Nb7 Bxa3 28. Nxa5 Nd6 29. Bxd6 Bxd6 30. Nc4 Bc5 31. Ne5 Nf4 32. Bf1 Bd4 33. Nd3
Nd5 34. Bg2 e5 35. Kf1 Kf8 36. Bh3 Nc3 37. Bc8 Ke7 38. Bb7 Kf6 39. Kg2 Kg5 40.
Kg3 f6 41. Ba8 f5 42. h4+ Kh5 43. Bb7 f4+ 44. Kh3 Nd1 45. Bc6 Nxf2+ 46. Nxf2
Bxf2 47. Be4 h6 48. Bd3 Bxh4 49. Be4 Be1 50. Bd3 Kg5 51. Be4 h5 52. Bd3 Kf6 53.
Be4 g5 54. Bd3 g4+ 55. fxg4 hxg4+ 56. Kxg4 Ke6 57. Be4 Kd6 58. Kf3 Kc5 59. Ba8
Kd4 60. Bb7 1/2-1/2

[Event "DVM U14w 2013"]
[Site "Oberbernhards-Hilders GER"]
[Date "2013.12.27"]
[Round "2"]
[White "Ley, Sabrina"]
[Black "Simon, Tessa"]
[Result "0-1"]
[Termination "normal"]
[Board "1.2"]
[WhiteElo "1487"]
[BlackElo "1620"]
[WhiteTeam "SV Turm Lahnstein"]
[BlackTeam "SV Muldental Wilkau-Haßlau"]
[WhiteFideId "12938130"]
[BlackFideId "12929395"]
[EventCountry "GER"]
[EventRounds "7"]
[EventType "team-swiss"]
[EventDate "2013.12.26"]

1. e4 e5 2. Nf3 Nc6 3. Bc4 Bc5 4. c3 Nf6 5. d3 d6 6. Nbd2 O-O 7. O-O a6 8. b4
Ba7 9. a4 Ne7 10. h3 Ng6 11. Re1 c6 12. Nf1 d5 13. Ba2 dxe4 14. dxe4 Qxd1 15.
Rxd1 Nxe4 16. Ne3 Nxc3 17. Re1 Nxa2 18. Rxa2 Be6 19. Ra1 Nf4 20. Ba3 Nd3 21.
Red1 e4 22. Nd2 Bd4 23. Nxe4 Bxa1 24. Rxa1 Rfd8 0-1

[Event "DVM U14w 2013"]
[Site "Oberbernhards-Hilders GER"]
[Date "2013.12.27"]
[Round "2"]
[White "Fromm, Katja"]
[Black "Reitz, Theresa"]
[Result "1-0"]
[Termination "normal"]
[Board "1.3"]
[WhiteElo "1595"]
[BlackElo "1308"]
[WhiteTeam "SV Muldental Wilkau-Haßlau"]
[BlackTeam "SV Turm Lahnstein"]
[WhiteFideId "12929409"]
[BlackFideId "12971901"]
[EventCountry "GER"]
[EventRounds "7"]
[EventType "team-swiss"]
[EventDate "2013.12.26"]

1. d4 Nf6 2. c4 g6 3. Nc3 d5 4. Nf3 Bg7 5. Bf4 O-O 6. e3 c5 7. dxc5 Qa5 8. Qa4
Qxc5 9. Qb5 Qxb5 10. Nxb5 Na6 11. Rd1 e6 12. Be5 Bd7 13. cxd5 Nxd5 14. Bxg7
Kxg7 15. a3 Rfc8 16. Be2 Nc5 17. O-O Nb3 18. Nfd4 Bxb5 19. Bxb5 Nxd4 20. Rxd4
Rc2 21. b3 a6 22. Bc4 Nb6 23. Bd3 Rc3 24. Be4 Nd5 25. Bxd5 exd5 26. Rxd5 Rxb3
27. a4 Rc8 28. g3 Rc4 29. a5 Ra4 30. Rc1 Ra2 31. Rc7 Rbb2 32. Rdd7 Rxf2 33.
Rxb7 Rf3 34. Ra7 Rxa5 35. Kg2 Rff5 36. g4 Ra2+ 37. Kg3 Rff2 38. h3 a5 39. Rxa5
Rg2+ 40. Kf3 Raf2+ 41. Ke4 Rg3 42. Re5 Rff3 43. Kd4 Rxh3 44. g5 Rf1 45. Rb7 Rg1
46. Ree7 Rf3 47. Re5 h6 48. gxh6+ Kxh6 49. Ree7 Kg7 50. e4 Rgf1 51. e5 Kh6 52.
Kd5 Rf5 53. Kd6 Re1 54. Rxf7 Rexe5 55. Rxf5 Rxf5 56. Rb8 Kg7 57. Ke6 Rf6+ 58.
Ke5 Kf7 59. Rb7+ 1-0

[Event "DVM U14w 2013"]
[Site "Oberbernhards-Hilders GER"]
[Date "2013.12.27"]
[Round "2"]
[White "Rau, Jennifer"]
[Black "Von Jan, Lena"]
[Result "1/2-1/2"]
[Termination "normal"]
[Board "1.4"]
[WhiteElo "1098"]
[BlackElo "1373"]
[WhiteTeam "SV Turm Lahnstein"]
[BlackTeam "SV Muldental Wilkau-Haßlau"]
[WhiteFideId "12983276"]
[BlackFideId "12946060"]
[EventCountry "GER"]
[EventRounds "7"]
[EventType "team-swiss"]
[EventDate "2013.12.26"]

1. e4 e5 2. Nf3 Nc6 3. Bc4 Nf6 4. d3 Bc5 5. c3 d6 6. Nbd2 Bb6 7. Qe2 O-O 8. h3
Re8 9. b4 a6 10. O-O Bd7 11. a4 Ne7 12. Bb2 Ng6 13. Qd1 Qe7 14. Re1 h6 15. Nf1
Be6 16. Ba2 Nf4 17. Bxe6 Qxe6 18. Ng3 Ng6 19. c4 Ba7 20. Qc2 c5 21. b5 axb5 22.
axb5 Bb6 23. Bc3 Qd7 24. Rxa8 Rxa8 25. Ra1 Qc8 26. Nf5 Bc7 27. N3h4 Rxa1+ 28.
Bxa1 Qa8 29. Bc3 Nxh4 30. Nxh4 Kf8 31. g3 Bd8 32. Qb2 Kg8 33. Qa1 Qxa1+ 34.
Bxa1 b6 35. f4 exf4 36. gxf4 Nxe4 37. dxe4 Bxh4 38. Kg2 Bd8 39. Kf3 f6 40. h4
Kf7 41. f5 g6 42. Kg4 Kg7 43. fxg6 Kxg6 44. h5+ Kf7 45. Kf5 1/2-1/2

[Event "DVM U14w 2013"]
[Site "Oberbernhards-Hilders GER"]
[Date "2013.12.27"]
[Round "2"]
[White "Halas, Julia"]
[Black "Wächter, Nathalie"]
[Result "1-0"]
[Termination "normal"]
[Board "2.1"]
[WhiteElo "1573"]
[BlackElo "1733"]
[WhiteTeam "Schachgemeinschaft Leipzig"]
[BlackTeam "Tura Harksheide"]
[WhiteFideId "12931810"]
[BlackFideId "12921033"]
[EventCountry "GER"]
[EventRounds "7"]
[EventType "team-swiss"]
[EventDate "2013.12.26"]

1. d4 d5 2. c4 e6 3. Nc3 Nf6 4. Bg5 Nbd7 5. Nf3 c6 6. e3 Qa5 7. Nd2 dxc4 8.
Bxf6 Nxf6 9. Bxc4 Bd6 10. O-O O-O 11. h3 Qc7 12. Rc1 b6 13. Bd3 Qd7 14. Nce4
Nxe4 15. Bxe4 Bb7 16. Qa4 Rfc8 17. Rfd1 h6 18. Bf3 b5 19. Qb3 a6 20. Ne4 Qe7
21. Nxd6 Qxd6 22. Rc5 Rd8 23. Rdc1 Rac8 24. Qc2 Qd7 25. Bxc6 Bxc6 26. Rxc6 Ra8
27. Qc5 Qe8 28. Rc7 Rdb8 29. Qc6 Qd8 30. Qd7 Qf8 31. R1c6 Rd8 32. Qe7 Qxe7 33.
Rxe7 Rdc8 34. Rcc7 Rxc7 35. Rxc7 g5 36. Kf1 Kg7 37. Ke2 Rd8 38. Rc6 Ra8 39. Kd3
Kg6 40. Ke4 Kf6 41. b3 Ra7 42. Kf3 Kg7 43. e4 Kf6 44. Ke3 Ke7 45. d5 Rd7 46.
Kd4 Ra7 47. Kc5 Kd7 48. Kb6 Ra8 49. Kb7 Rd8 50. dxe6+ fxe6 51. e5 a5 52. Rd6+
Ke7 53. Rxd8 Kxd8 54. Kc6 1-0

[Event "DVM U14w 2013"]
[Site "Oberbernhards-Hilders GER"]
[Date "2013.12.27"]
[Round "2"]
[White "Köhler, Inken"]
[Black "Schmidt, Alexandra"]
[Result "1-0"]
[Termination "normal"]
[Board "2.2"]
[WhiteElo "1618"]
[BlackElo "1512"]
[WhiteTeam "Tura Harksheide"]
[BlackTeam "Schachgemeinschaft Leipzig"]
[WhiteFideId "12929301"]
[BlackFideId "12946036"]
[EventCountry "GER"]
[EventRounds "7"]
[EventType "team-swiss"]
[EventDate "2013.12.26"]

1. e4 e6 2. d4 d5 3. exd5 exd5 4. Bd3 c5 5. c3 Nf6 6. Bg5 Nc6 7. Ne2 cxd4 8.
Nxd4 Nxd4 9. cxd4 Bb4+ 10. Nc3 O-O 11. O-O Be6 12. Qf3 Be7 13. Rfe1 Qb6 14.
Bxf6 Bxf6 15. Nxd5 Bxd5 16. Qxd5 Bxd4 17. Re2 Rae8 18. Rd2 Rd8 19. Qc4 Qc5 20.
Qb3 Qb6 21. Qc2 Qh6 22. Rad1 Rfe8 23. Bb5 Bxf2+ 24. Rxf2 Rc8 25. Qb3 Rf8 26.
Bc4 Qg6 27. Rd7 h6 28. Rfxf7 Kh7 29. Rxf8 Rxf8 30. Bd3 1-0

[Event "DVM U14w 2013"]
[Site "Oberbernhards-Hilders GER"]
[Date "2013.12.27"]
[Round "2"]
[White "Kahle, Leonie"]
[Black "Giede, Anna-Blume"]
[Result "0-1"]
[Termination "normal"]
[Board "2.3"]
[WhiteElo "1365"]
[BlackElo "1453"]
[WhiteTeam "Schachgemeinschaft Leipzig"]
[BlackTeam "Tura Harksheide"]
[WhiteFideId "12983306"]
[BlackFideId "12921980"]
[EventCountry "GER"]
[EventRounds "7"]
[EventType "team-swiss"]
[EventDate "2013.12.26"]

1. e4 c6 2. d4 d5 3. exd5 cxd5 4. Bd3 Nc6 5. c3 Nf6 6. h3 e6 7. Bf4 Bd6 8. Qd2
Bxf4 9. Qxf4 O-O 10. Nd2 Re8 11. Ngf3 h6 12. O-O Bd7 13. Rfe1 Rc8 14. Nh2 Qc7
15. Qxc7 Rxc7 16. Nhf3 a6 17. Nb3 Na7 18. Ne5 Bb5 19. Bc2 Nd7 20. Nxd7 Bxd7 21.
Nc5 Nb5 22. Re3 Nd6 23. Rae1 Kf8 24. Kf1 Bb5+ 25. Kg1 Bd7 26. Kh1 Nc4 27. Rf3
Nd2 28. Rf4 g5 29. Rg4 Nc4 30. b3 Nd6 31. Re3 f5 32. Rgg3 f4 33. Rgf3 Kg7 34.
Re1 Nb5 35. a4 Nd6 36. h4 Bc8 37. a5 Rce7 38. Re5 Kf6 39. hxg5+ hxg5 40. Rh3
Nf7 41. Re2 Rh8 42. Rxh8 Nxh8 43. Nd3 Rc7 44. Nc5 Nf7 45. Kg1 Nd6 46. Bd3 Nf7
47. Kh2 Nd6 48. Kh3 e5+ 49. Kh2 e4 50. Bc2 Nb5 51. c4 Nxd4 52. Nxe4+ dxe4 53.
Rd2 Nxc2 54. Rxc2 Be6 55. Rd2 Rd7 56. Rc2 Kf5 57. b4 Rd4 58. c5 Rxb4 59. c6
bxc6 60. Rc5+ Kg4 61. Rxc6 Bc4 0-1

[Event "DVM U14w 2013"]
[Site "Oberbernhards-Hilders GER"]
[Date "2013.12.27"]
[Round "2"]
[White "Janke, Luisa"]
[Black "Oswald, Lena"]
[Result "0-1"]
[Termination "normal"]
[Board "2.4"]
[WhiteElo "1428"]
[BlackElo "1045"]
[WhiteTeam "Tura Harksheide"]
[BlackTeam "Schachgemeinschaft Leipzig"]
[WhiteFideId "12925225"]
[BlackFideId "12983314"]
[EventCountry "GER"]
[EventRounds "7"]
[EventType "team-swiss"]
[EventDate "2013.12.26"]

1. d4 d5 2. Nf3 Nf6 3. Bf4 Bf5 4. Nc3 a6 5. e3 Nbd7 6. Be2 e6 7. O-O Be7 8. Ne5
O-O 9. Re1 Bd6 10. Bf3 c5 11. Nxd7 Qxd7 12. Bxd6 Qxd6 13. dxc5 Qxc5 14. e4 dxe4
15. Bxe4 Rad8 16. Qf3 Bg4 17. Qe3 Qxe3 18. Rxe3 Nxe4 19. Rxe4 Bf5 20. Re2 Rd7
21. h3 Rfd8 22. Rae1 Rd2 23. Rxd2 Rxd2 24. Rd1 Rxd1+ 25. Nxd1 Bxc2 26. Ne3 Bd3
27. f3 f6 28. Kf2 Kf7 29. Ke1 h6 30. Kd2 Bh7 31. Nc4 Ke7 32. b4 Kd7 33. a4 Kc6
34. Na5+ Kc7 35. Kc3 e5 36. Nb3 b6 37. Kc4 Bc2 38. Kc3 Bxb3 39. Kxb3 Kc6 40.
Kc4 b5+ 41. axb5+ axb5+ 42. Kd3 Kd5 43. Kc3 e4 44. fxe4+ Kxe4 45. g4 g6 46. h4
f5 47. g5 hxg5 48. hxg5 f4 49. Kd2 Kf3 0-1

[Event "DVM U14w 2013"]
[Site "Oberbernhards-Hilders GER"]
[Date "2013.12.27"]
[Round "2"]
[White "Gatzke, Carolin"]
[Black "Kluge, Leyla"]
[Result "1/2-1/2"]
[Termination "normal"]
[Board "3.1"]
[WhiteElo "1731"]
[BlackElo "1691"]
[WhiteTeam "SK Blauer Springer Paderborn"]
[BlackTeam "USG Chemnitz"]
[WhiteFideId "12943746"]
[BlackFideId "12918172"]
[EventCountry "GER"]
[EventRounds "7"]
[EventType "team-swiss"]
[EventDate "2013.12.26"]

1. e4 c5 2. Nf3 Nc6 3. d4 cxd4 4. Nxd4 g6 5. c4 Bg7 6. Be3 d6 7. Nc3 Nf6 8. Be2
O-O 9. O-O a6 10. Rc1 Bg4 11. Nxc6 Bxe2 12. Nxd8 Bxd1 13. Nxb7 Bg4 14. Na5 Rfc8
15. b3 Be6 16. f3 Nd7 17. Nd5 Kf8 18. Nb6 Nxb6 19. Bxb6 Rab8 20. Ba7 Ra8 21.
Be3 Bb2 22. Rc2 Ba3 23. Bd2 Bc5+ 24. Kh1 Rab8 25. f4 f5 26. e5 dxe5 27. Re1 e4
28. Bc3 Bd6 29. g3 Bc5 30. Kg2 Bb6 31. Ree2 Rc5 32. b4 Rcc8 33. Be5 Ra8 34. c5
Bxa5 35. bxa5 Rc6 36. Bd4 Rd8 37. Red2 Rdc8 1/2-1/2

[Event "DVM U14w 2013"]
[Site "Oberbernhards-Hilders GER"]
[Date "2013.12.27"]
[Round "2"]
[White "Peil, Celine"]
[Black "Möller, Lisa-Marie"]
[Result "1/2-1/2"]
[Termination "normal"]
[Board "3.2"]
[WhiteElo "1349"]
[BlackElo "1453"]
[WhiteTeam "USG Chemnitz"]
[BlackTeam "SK Blauer Springer Paderborn"]
[WhiteFideId "12942219"]
[BlackFideId "12959367"]
[EventCountry "GER"]
[EventRounds "7"]
[EventType "team-swiss"]
[EventDate "2013.12.26"]

1. e4 c5 2. Nf3 e6 3. d4 cxd4 4. Nxd4 a6 5. Nc3 b5 6. Be3 Bb7 7. a3 Qc7 8. f3
Nf6 9. Be2 Be7 10. O-O O-O 11. Qd2 d6 12. Rad1 Nbd7 13. Rfe1 Rfd8 14. Bf2 d5
15. exd5 Nxd5 16. Bg3 Bd6 17. Ncxb5 axb5 18. Nxb5 Qb6+ 19. Bf2 Bc5 20. Bxc5
Nxc5 21. Kh1 Nc7 22. Qb4 Nxb5 23. Qxb5 Qxb5 24. Bxb5 Kf8 25. Kg1 Ke7 26. Kf2
Rxd1 27. Rxd1 Rd8 28. Rxd8 Kxd8 29. b4 Nd7 30. Bxd7 Kxd7 31. Ke3 Kc6 32. c4 Kd6
33. a4 Bc6 34. a5 Bb7 35. Kd4 e5+ 36. Kc3 f5 37. Kd3 g6 38. h3 h6 39. Ke3 Ba6
40. Kd3 Bb7 41. Ke3 g5 42. g3 1/2-1/2

[Event "DVM U14w 2013"]
[Site "Oberbernhards-Hilders GER"]
[Date "2013.12.27"]
[Round "2"]
[White "Schmidtmann, Samantha"]
[Black "Wienhold, Nadine"]
[Result "1-0"]
[Termination "normal"]
[Board "3.3"]
[WhiteElo "1368"]
[BlackElo "1222"]
[WhiteTeam "SK Blauer Springer Paderborn"]
[BlackTeam "USG Chemnitz"]
[WhiteFideId "12956759"]
[BlackFideId "12964514"]
[EventCountry "GER"]
[EventRounds "7"]
[EventType "team-swiss"]
[EventDate "2013.12.26"]

1. e4 c5 2. Nf3 d6 3. d4 cxd4 4. Nxd4 Nf6 5. Nc3 g6 6. f4 Bg7 7. Be3 a6 8. h3
Nc6 9. g4 O-O 10. Qd2 Nxd4 11. Bxd4 b5 12. Bg2 Bb7 13. O-O-O Qc7 14. Kb1 Rad8
15. f5 e5 16. Be3 Bc6 17. Qf2 Qb7 18. Qf3 Rd7 19. Bg5 Rfd8 20. Bxf6 Bxf6 21.
Nd5 Bxd5 22. Rxd5 Rc8 23. Rhd1 Rc6 24. Qd3 Qc8 25. fxg6 hxg6 26. Qe2 Qf8 27.
Qf3 Bg7 28. h4 Bh8 29. h5 g5 30. Qf5 Qe7 31. Rf1 Kg7 32. Rfd1 Kg8 33. Bf1 Rb6
34. Be2 f6 35. Qg6+ Qg7 36. Qxg7+ Bxg7 37. c4 bxc4 38. Bxc4 Kf8 39. Ra5 Ra7 40.
Rd3 Ke7 41. Rda3 Rb4 42. R3a4 Rxa4 43. Rxa4 a5 44. a3 Rc7 45. Bd5 Rc5 46. b4
axb4 47. axb4 Rb5 48. Ra7+ Kf8 49. Rb7 Rxb7 50. Bxb7 Ke7 51. b5 Kd8 52. b6 Kd7
53. Ka2 d5 54. Bxd5 Kc8 55. Ka3 Kb8 56. Ka4 Bf8 57. Kb5 Bg7 58. Kc6 Bf8 59. Kd7
Bh6 60. Ke7 Bg7 61. Kf7 Bh8 62. Kg8 1-0

[Event "DVM U14w 2013"]
[Site "Oberbernhards-Hilders GER"]
[Date "2013.12.27"]
[Round "2"]
[White "Belusa, Laura Sophie"]
[Black "Walow, Xenia"]
[Result "1/2-1/2"]
[Termination "normal"]
[Board "3.4"]
[WhiteElo "1134"]
[BlackElo "1352"]
[WhiteTeam "USG Chemnitz"]
[BlackTeam "SK Blauer Springer Paderborn"]
[WhiteFideId "12964522"]
[BlackFideId "12971839"]
[EventCountry "GER"]
[EventRounds "7"]
[EventType "team-swiss"]
[EventDate "2013.12.26"]

1. e4 c5 2. Nf3 d6 3. d4 cxd4 4. Nxd4 Nf6 5. Nc3 a6 6. h3 e5 7. Nb3 Be6 8. g4
h6 9. Be3 Nc6 10. a3 Qc7 11. f3 O-O-O 12. Qd2 d5 13. exd5 Nxd5 14. Nxd5 Rxd5
15. Bd3 Be7 16. O-O-O Rhd8 17. Qf2 Nd4 18. Bxd4 exd4 19. Be4 Rb5 20. Nxd4 Bg5+
21. Kb1 Qb6 22. b4 Bf6 23. c3 Bd5 24. Bf5+ Be6 25. Qc2 Bxf5 26. gxf5 Rbd5 27.
Rd3 Kb8 28. Rhd1 Bxd4 29. cxd4 Rxd4 30. Rxd4 Rxd4 31. Rc1 Rd8 32. Qc3 f6 33.
Re1 Qc7 34. Qxc7+ Kxc7 35. Rc1+ Kb8 36. Kb2 b6 37. Kb3 Rd3+ 38. Rc3 Rd5 39. Rc6
Kb7 40. Re6 Rxf5 41. Re7+ Kc6 42. Re6+ Kb7 43. Re7+ Kc8 44. Re3 Kd7 1/2-1/2

[Event "DVM U14w 2013"]
[Site "Oberbernhards-Hilders GER"]
[Date "2013.12.27"]
[Round "2"]
[White "Nguyen, Ha Thanh"]
[Black "Neumann, Isabel"]
[Result "1/2-1/2"]
[Termination "normal"]
[Board "4.1"]
[WhiteElo "1564"]
[BlackElo "1508"]
[WhiteTeam "SV Empor Erfurt"]
[BlackTeam "SV 1919 Grimma"]
[WhiteFideId "12942154"]
[BlackFideId "12964468"]
[EventCountry "GER"]
[EventRounds "7"]
[EventType "team-swiss"]
[EventDate "2013.12.26"]

1. e4 c5 2. d4 cxd4 3. c3 d3 4. Bxd3 d6 5. Nf3 Nf6 6. O-O g6 7. Nbd2 Bg7 8. Nb3
Nbd7 9. h3 O-O 10. Qe2 b6 11. Rd1 Qc7 12. Bf4 Bb7 13. Rac1 e5 14. Bh2 d5 15.
exd5 Nxd5 16. Bb5 Rad8 17. Bxd7 Rxd7 18. Qe1 Nf4 19. Rxd7 Qxd7 20. Bxf4 exf4
21. Rd1 Qf5 22. Nbd4 Qa5 23. a3 Qc5 24. Qd2 Bh6 25. Qd3 Rd8 26. Qe2 Qc8 27. Re1
Ba6 28. Qe7 Bb7 29. Ne5 Bd5 30. Qxa7 Bg7 31. Qxb6 Re8 32. Qd6 Ba8 33. Nef3
Rxe1+ 34. Nxe1 Bf8 35. Qxf4 Qb7 36. Qf3 Qb8 37. Qe3 Qxb2 38. a4 Qa3 39. Nef3
Qxa4 40. Qc1 Qc4 41. Qb2 Qd3 42. Qc2 Qa6 43. Qc1 Qc4 44. Nd2 Qd3 45. Qc2 Qa6
46. N4b3 Qc6 47. Nf3 Bb4 48. c4 Bb7 49. c5 Qd5 50. Kh1 Bc6 1/2-1/2

[Event "DVM U14w 2013"]
[Site "Oberbernhards-Hilders GER"]
[Date "2013.12.27"]
[Round "2"]
[White "Peters, Theresa"]
[Black "Rieger, Lotta"]
[Result "1-0"]
[Termination "normal"]
[Board "4.2"]
[WhiteElo "1618"]
[BlackElo "1360"]
[WhiteTeam "SV 1919 Grimma"]
[BlackTeam "SV Empor Erfurt"]
[WhiteFideId "12952192"]
[BlackFideId "12964620"]
[EventCountry "GER"]
[EventRounds "7"]
[EventType "team-swiss"]
[EventDate "2013.12.26"]

1. d4 d5 2. Nf3 Nf6 3. Bf4 Bf5 4. e3 e6 5. Nbd2 Be7 6. c4 c6 7. Qb3 Qc8 8. Bd3
Ne4 9. O-O O-O 10. Qc2 Nxd2 11. Nxd2 Bxd3 12. Qxd3 Nd7 13. Rac1 Nf6 14. e4 Rd8
15. Rfe1 Qd7 16. e5 dxc4 17. Rxc4 Nd5 18. Be3 Rac8 19. Nb3 h6 20. Bd2 Rc7 21.
Qg3 Kh8 22. Re4 f5 23. exf6 Bxf6 24. Nc5 Qd6 25. Qg4 Re7 26. Rxe6 Rxe6 27. Nxe6
Re8 28. Nc5 Bg5 29. Qd1 Bxd2 30. Qxd2 Qe7 31. Nd3 Nf4 32. Ne5 Ng6 33. Nxg6+ 1-0

[Event "DVM U14w 2013"]
[Site "Oberbernhards-Hilders GER"]
[Date "2013.12.27"]
[Round "2"]
[White "Schulz, Theresa Charlotte"]
[Black "Könze, Heike"]
[Result "1-0"]
[Termination "normal"]
[Board "4.3"]
[WhiteElo "1283"]
[BlackElo "1471"]
[WhiteTeam "SV Empor Erfurt"]
[BlackTeam "SV 1919 Grimma"]
[WhiteFideId "12952206"]
[BlackFideId "12964476"]
[EventCountry "GER"]
[EventRounds "7"]
[EventType "team-swiss"]
[EventDate "2013.12.26"]

1. e4 e6 2. d4 d5 3. exd5 exd5 4. Bd3 Be7 5. f4 Nf6 6. Nf3 Bg4 7. O-O c5 8. c3
Nc6 9. Qe1 O-O 10. Ne5 Nxe5 11. fxe5 Nd7 12. Qg3 f5 13. h3 Bh4 14. Qe3 Bg5 15.
Qxg5 Qxg5 16. Bxg5 Bh5 17. Bxf5 1-0

[Event "DVM U14w 2013"]
[Site "Oberbernhards-Hilders GER"]
[Date "2013.12.27"]
[Round "2"]
[White "Hagenbeck-Hübert, Lara"]
[Black "Allin, Katharina"]
[Result "1-0"]
[Termination "normal"]
[Board "4.4"]
[WhiteElo "1294"]
[BlackElo "1306"]
[WhiteTeam "SV 1919 Grimma"]
[BlackTeam "SV Empor Erfurt"]
[WhiteFideId "12964484"]
[BlackFideId "12903779"]
[EventCountry "GER"]
[EventRounds "7"]
[EventType "team-swiss"]
[EventDate "2013.12.26"]

1. d4 d5 2. Bf4 Bf5 3. Nf3 Nf6 4. e3 e6 5. Bd3 Bg6 6. O-O Bd6 7. Bg3 Qe7 8. c4
dxc4 9. Bxc4 Nbd7 10. Nc3 Nb6 11. Be2 O-O 12. a3 Bxg3 13. hxg3 Rfd8 14. b4 Nbd5
15. Nxd5 Nxd5 16. Rc1 Rac8 17. Qb3 c6 18. Ne5 f6 19. Nxg6 hxg6 20. Bc4 Kh8 21.
Rfd1 b6 22. e4 Nc7 23. d5 cxd5 24. exd5 Nxd5 25. Bxd5 Rxc1 26. Rxc1 Rxd5 27.
Rc8+ Kh7 28. Qc4 a5 29. Rc6 axb4 30. axb4 Rh5 31. Qe4 Re5 32. Qh4+ Kg8 33. Rc8+
Kf7 34. Qh8 f5 35. Qg8+ Kf6 36. Rf8+ Kg5 37. f4+ Kg4 38. Qh8 1-0

[Event "DVM U14w 2013"]
[Site "Oberbernhards-Hilders GER"]
[Date "2013.12.27"]
[Round "2"]
[White "Denkert, Anna"]
[Black "Shvartsman, Kristina"]
[Result "0-1"]
[Termination "normal"]
[Board "5.1"]
[WhiteElo "1608"]
[BlackElo "1163"]
[WhiteTeam "SV Empor Berlin"]
[BlackTeam "SK Gräfelfing"]
[WhiteFideId "12938122"]
[BlackFideId "12983438"]
[EventCountry "GER"]
[EventRounds "7"]
[EventType "team-swiss"]
[EventDate "2013.12.26"]

1. e4 c5 2. Nc3 d6 3. f4 e6 4. Nf3 Nc6 5. Bb5 Bd7 6. d3 Be7 7. O-O Nf6 8. h3 a6
9. Bxc6 Bxc6 10. g4 Qd7 11. Qe1 h6 12. Qg3 O-O-O 13. Bd2 Nh7 14. e5 g5 15. fxg5
Nxg5 16. Nxg5 Bxg5 17. Bxg5 hxg5 18. exd6 Rdg8 19. Ne4 Bxe4 20. dxe4 Rh7 21. e5
Qd8 22. Qd3 Rgh8 23. Rf3 Qb6 24. Qc3 c4+ 25. Kg2 Qc6 26. Kf2 Qc5+ 27. Ke2 b5
28. Rd1 b4 29. d7+ Kd8 30. Qd2 Qxe5+ 31. Kf1 Rxh3 32. Rxh3 Rxh3 33. Qg2 Qf4+
34. Kg1 Rg3 0-1

[Event "DVM U14w 2013"]
[Site "Oberbernhards-Hilders GER"]
[Date "2013.12.27"]
[Round "2"]
[White "Joebges, Julia"]
[Black "Du, Katharina"]
[Result "1/2-1/2"]
[Termination "normal"]
[Board "5.2"]
[WhiteElo "1281"]
[BlackElo "1513"]
[WhiteTeam "SK Gräfelfing"]
[BlackTeam "SV Empor Berlin"]
[WhiteFideId "12983446"]
[BlackFideId "12945757"]
[EventCountry "GER"]
[EventRounds "7"]
[EventType "team-swiss"]
[EventDate "2013.12.26"]

1. e4 c5 2. Nf3 Nc6 3. Nc3 g6 4. Bc4 Bg7 5. d3 d6 6. Be3 Nf6 7. Qd2 Ng4 8. h3
Nxe3 9. Qxe3 a6 10. O-O O-O 11. Nd2 Nd4 12. Bb3 b5 13. Rac1 Bb7 14. Nf3 Nxb3
15. axb3 e6 16. Rfd1 Bc6 17. d4 b4 18. Ne2 Qb6 19. Rb1 Bb5 20. c3 Bxe2 21. Qxe2
cxd4 22. Nxd4 Rfc8 23. Qd3 Rc7 24. Ne2 Rd8 25. Kf1 Rcd7 26. Qc2 Qc5 27. Rbc1 d5
28. exd5 Rxd5 29. Rxd5 Rxd5 30. Nf4 Rf5 31. Nd3 Qb5 32. cxb4 Rd5 33. Rd1 Bxb2
34. Qc4 Bf6 35. Qxb5 axb5 36. Ke2 Bd4 1/2-1/2

[Event "DVM U14w 2013"]
[Site "Oberbernhards-Hilders GER"]
[Date "2013.12.27"]
[Round "2"]
[White "Berdin, Victoria"]
[Black "Khamenya, Vitalia"]
[Result "1-0"]
[Termination "normal"]
[Board "5.3"]
[WhiteElo "1469"]
[BlackElo "1222"]
[WhiteTeam "SV Empor Berlin"]
[BlackTeam "SK Gräfelfing"]
[WhiteFideId "24693901"]
[BlackFideId "12959260"]
[EventCountry "GER"]
[EventRounds "7"]
[EventType "team-swiss"]
[EventDate "2013.12.26"]

1. e4 e5 2. Nf3 Nc6 3. Bc4 Bc5 4. Nc3 Nf6 5. d3 d6 6. Bg5 Bg4 7. h3 Bh5 8. g4
Bg6 9. Qd2 a5 10. Nd5 Rb8 11. a3 b5 12. Ba2 a4 13. Nxf6+ gxf6 14. Bh6 b4 15.
axb4 Bxb4 16. c3 Bc5 17. h4 Nd4 18. Nxd4 exd4 19. h5 a3 20. b3 dxc3 21. Qf4 d5
22. Bg7 Rg8 23. Bxf6 Qd7 24. Qe5+ Kf8 25. hxg6 hxg6 26. Rh4 Re8 27. Qf4 dxe4
28. Qh6+ Rg7 29. Qxg7# 1-0

[Event "DVM U14w 2013"]
[Site "Oberbernhards-Hilders GER"]
[Date "2013.12.27"]
[Round "2"]
[White "Shvartsman, Julia"]
[Black "Dinh, Vivien Havy"]
[Result "0-1"]
[Termination "normal"]
[Board "5.4"]
[WhiteElo "911"]
[BlackElo "1140"]
[WhiteTeam "SK Gräfelfing"]
[BlackTeam "SV Empor Berlin"]
[WhiteFideId "12983454"]
[EventCountry "GER"]
[EventRounds "7"]
[EventType "team-swiss"]
[EventDate "2013.12.26"]

1. e4 e5 2. Nf3 Nc6 3. Bc4 Nf6 4. d3 Bc5 5. Nc3 d6 6. Bg5 Be6 7. Bb3 h6 8. Be3
Bb6 9. Qd2 Bg4 10. h3 Bxf3 11. gxf3 Qd7 12. h4 Nd4 13. Ba4 c6 14. O-O-O Nxf3
15. Qe2 Nd4 16. Qd2 O-O-O 17. Ne2 Qe6 18. b3 Bc5 19. Rhf1 b5 20. Bxd4 Bxd4 21.
Bxb5 cxb5 22. Qa5 Qd7 23. Qa6+ Qb7 24. Qa5 Qb6 25. Qd2 Ng4 26. Qb4 Nxf2 27.
Rde1 a5 28. Qa3 b4 29. Qa4 Be3+ 30. Kb1 Bd2 31. Rc1 Bxc1 32. Nxc1 Rd7 33. h5
Rc7 34. Rg1 Qc5 35. c4 Nxd3 36. Rd1 Nxc1 37. Rxc1 g5 38. hxg6 fxg6 39. Rf1 g5
40. Rf6 g4 41. Rg6 h5 42. Rf6 g3 43. Rf1 g2 44. Re1 g1=Q 45. Rxg1 Qxg1+ 46. Kc2
Rg8 47. Kd3 Rg3+ 48. Ke2 Qh2+ 49. Kf1 Rg1# 0-1

[Event "DVM U14w 2013"]
[Site "Oberbernhards-Hilders GER"]
[Date "2013.12.27"]
[Round "2"]
[White "Havenith, Julia"]
[Black "Semenova, Alisa"]
[Result "0-1"]
[Termination "normal"]
[Board "6.1"]
[WhiteElo "1451"]
[BlackElo "1586"]
[WhiteTeam "SG Solingen"]
[BlackTeam "SK Neumarkt"]
[WhiteFideId "12983284"]
[BlackFideId "1272132"]
[EventCountry "GER"]
[EventRounds "7"]
[EventType "team-swiss"]
[EventDate "2013.12.26"]

1. e4 c5 2. c3 Nc6 3. d4 cxd4 4. cxd4 g6 5. Nf3 d6 6. Nc3 Bg7 7. h3 Nf6 8. Bb5
a6 9. Ba4 b5 10. Bc2 Bb7 11. O-O h6 12. a4 b4 13. Ne2 a5 14. d5 Ne5 15. Nxe5
dxe5 16. Be3 g5 17. Ng3 Bc8 18. Qe2 g4 19. h4 e6 20. dxe6 fxe6 21. Qb5+ Qd7 22.
Qxe5 O-O 23. Qc5 Bb7 24. Qd4 Qxd4 25. Bxd4 Nd7 26. Bxg7 Kxg7 27. Rad1 Nc5 28.
Rfe1 b3 29. Bb1 Nxa4 30. Rd7+ Rf7 31. Nh5+ Kf8 32. Rxf7+ Kxf7 33. Re2 Rd8 34.
Re1 Nxb2 35. Kh2 a4 36. e5 Rd1 37. Rxd1 Nxd1 38. Nf4 a3 39. Bg6+ Ke7 40. Kg3 a2
0-1